000 00489nam a2200169Ia 4500
003 GCL
008 140319s9999 xx 000 0 ara d
040 _aGCL /
_cGCL
082 0 4 _a239.7
_bع خ
100 1 _aعبدالسلام العشرى
245 1 0 _aخديجة بنت خويلد (ع) /
_cعبدالسلام العشرى
300 _a256
490 _aنساء شهيرات
_v0
650 0 4 _aالسيرة النبوية
650 0 4 _aخديجة بنت خويلد
942 _2ddc
_cBK
999 _c44233
_d44233